| 000 | 02150nam a22003497a 4500 | ||
|---|---|---|---|
| 001 | 101826 | ||
| 003 | KnowledgeUnlatched | ||
| 005 | 20210303105048.0 | ||
| 006 | m o d | ||
| 007 | cr u|||||||||| | ||
| 008 | 210129p20102019mau o u00| u eng d | ||
| 037 | _5BiblioBoard | ||
| 245 | 0 | 0 |
_aVladimir Soloviev and the Spiritualization of Matter _cOliver Smith. |
| 020 | _a9781618117007 | ||
| 029 | 1 | _ahttps://library.biblioboard.com/ext/api/media/d12c6c73-54cc-4d12-b2b2-9b888f9c9450/assets/thumbnail.jpg | |
| 040 |
_aScCtBLL _cScCtBLL |
||
| 100 | 1 |
_aSmith, Oliver _eauthor. |
|
| 264 | 1 | _bAcademic Studies Press, | |
| 300 | _a1 online resource (325 p.) | ||
| 506 | 0 |
_aAccess copy available to the general public. _fUnrestricted _2star |
|
| 520 | _aWhile he is widely acknowledged as the most important Russian thinker of the nineteenth century, Vladimir Soloviev's place in the landscape of world philosophy nevertheless remains uncertain. Approaching him through a single synoptic lens, this book foregrounds his unique envisioning of the interaction between humanity and the material world. By investigating the development of a single theme in his work-his idea of the "spiritualization of matter", the "task" of humanity-Smith constructs a rounded picture of Soloviev's overall importance to an understanding of nineteenth-century thought, as well as to modern theology and philosophy. The picture that emerges is of a writer whose contribution to a Christian philosophy of matter resonates with many of the religious debates of modernity. | ||
| 588 | 0 | _aDescription based on print version record. | |
| 590 | _aKU Open Services | ||
| 650 | 7 |
_aReligion _2bisacsh |
|
| 650 | 0 | _aReligion | |
| 655 | 0 | _aElectronic books. | |
| 758 |
_iIs found in: _aKnowledge Unlatched _1https://openresearchlibrary.org/module/2774bc74-146a-484f-a7ba-ab1d6a09bbfb |
||
| 856 | 4 | 0 |
_uhttps://openresearchlibrary.org/content/d12c6c73-54cc-4d12-b2b2-9b888f9c9450 _zView this content on Open Research Library. _70 |
| 999 |
_c33454 _d33454 |
||